[Event "ESP-chT"]
[Site "Linares"]
[Date "1991.??.??"]
[Round "6"]
[White "Fraguela Gil, Jose Miguel"]
[Black "Gual Pascual, Antonio"]
[Result "0-1"]
[WhiteElo "2280"]
[BlackElo "2325"]
[PlyCount "48"]
[EventDate "1991.??.??"]
[EventType "team"]
[EventRounds "8"]
[EventCountry "ESP"]
[SourceTitle "EXT 2000"]
[Source "ChessBase"]
[SourceDate "1999.11.16"]
[SourceVersion "1"]
[SourceVersionDate "1999.11.16"]
[SourceQuality "1"]

1. d4 d5 2. Nf3 c6 3. e3 Nf6 4. c4 Bf5 5. Bd3 Bg6 6. Nc3 e6 7. 0-0 Nbd7 8. Bxg6 hxg6 9. Qd3 Bb4 10. Bd2 Bxc3 11. Bxc3 Ne4 12. Rfc1 Qf6 13. Be1 g5 14. h3 g4 15. Nh2 gxh3 16. g3 Qg5 17. a4 f5 18. Qd1 0-0 19. b3 f4 20. exf4 Rxf4 21. Bd2 Rxf2 22. Bxg5 Rg2+ 23. Kf1 Rf8+ 24. Ke1 Rff2 0-1

[Event "Gran Canaria op"]
[Site "Gran Canaria"]
[Date "1989.??.??"]
[Round "?"]
[White "Granda Zuniga, Julio E"]
[Black "Fraguela Gil, Jose Miguel"]
[Result "1-0"]
[WhiteElo "2500"]
[BlackElo "2280"]
[PlyCount "71"]
[EventDate "1989.??.??"]
[EventType "swiss"]
[EventRounds "11"]
[EventCountry "ESP"]
[SourceTitle "EXT 1997"]
[Source "ChessBase"]
[SourceDate "1996.11.15"]
[SourceVersion "1"]
[SourceVersionDate "1996.11.15"]
[SourceQuality "1"]

1. d4 Nf6 2. c4 e6 3. Nf3 b6 4. g3 Ba6 5. b3 b5 6. Bg2 bxc4 7. Ne5 Bb4+ 8. Kf1 c6 9. Nxc4 0-0 10. Bb2 d5 11. Ne5 Nfd7 12. Nd3 Be7 13. Nc3 c5 14. Nxd5 exd5 15. Bxd5 Nb6 16. Bxa8 Nxa8 17. dxc5 Nc6 18. Rc1 Nc7 19. Kg2 Ne6 20. Ne5 Ned4 21. Bxd4 Nxd4 22. e3 Qd5+ 23. f3 Qxe5 24. Qxd4 Qe6 25. Rhd1 h5 26. c6 h4 27. Qe4 Qxe4 28. fxe4 Bc8 29. c7 Ba3 30. Rc2 Re8 31. Rd8 Kf8 32. Rc4 a5 33. Rcd4 Be7 34. R4d5 Bb7 35. a3 Bxd5 36. Rxe8+ 1-0

[Event "ESP-ch 48th"]
[Site "Las Palmas"]
[Date "1983.07.26"]
[Round "14"]
[White "De la Villa Garcia, Jesus Maria"]
[Black "Fraguela Gil, Jose Miguel"]
[Result "1/2-1/2"]
[WhiteElo "2282"]
[BlackElo "2295"]
[PlyCount "27"]
[EventDate "1983.07.12"]
[EventType "tourn"]
[EventRounds "15"]
[EventCountry "ESP"]
[EventCategory "2"]
[SourceTitle "EXT 2021"]
[Source "ChessBase"]
[SourceDate "2020.10.23"]
[SourceVersion "1"]
[SourceVersionDate "2020.10.23"]
[SourceQuality "1"]

1. d4 d6 2. e4 g6 3. h4 h5 4. Nf3 Bg7 5. Ng5 Nh6 6. Nc3 Nc6 7. Be3 a6 8. Be2 Ng4 9. Bxg4 hxg4 10. d5 Ne5 11. Qe2 c5 12. f4 gxf3 13. gxf3 b5 14. Nd1 1/2-1/2

[Event "ESP-ch 48th"]
[Site "Las Palmas"]
[Date "1983.07.25"]
[Round "13"]
[White "Fraguela Gil, Jose Miguel"]
[Black "Corral Blanco, Juan Antonio"]
[Result "1/2-1/2"]
[WhiteElo "2295"]
[BlackElo "2365"]
[PlyCount "29"]
[EventDate "1983.07.12"]
[EventType "tourn"]
[EventRounds "15"]
[EventCountry "ESP"]
[EventCategory "2"]
[SourceTitle "EXT 2021"]
[Source "ChessBase"]
[SourceDate "2020.10.23"]
[SourceVersion "1"]
[SourceVersionDate "2020.10.23"]
[SourceQuality "1"]

1. d4 Nf6 2. c4 e6 3. Nc3 Bb4 4. e3 0-0 5. Nge2 d5 6. a3 Be7 7. cxd5 Nxd5 8. Nxd5 exd5 9. Nf4 c6 10. Bd3 Nd7 11. 0-0 Bd6 12. Bd2 Nf6 13. f3 Re8 14. g4 g6 15. Qc2 1/2-1/2

[Event "ESP-ch 48th"]
[Site "Las Palmas"]
[Date "1983.07.24"]
[Round "12"]
[White "Medina Garcia, Antonio Angel"]
[Black "Fraguela Gil, Jose Miguel"]
[Result "1-0"]
[WhiteElo "2361"]
[BlackElo "2295"]
[PlyCount "89"]
[EventDate "1983.07.12"]
[EventType "tourn"]
[EventRounds "15"]
[EventCountry "ESP"]
[EventCategory "2"]
[SourceTitle "EXT 2021"]
[Source "ChessBase"]
[SourceDate "2020.10.23"]
[SourceVersion "1"]
[SourceVersionDate "2020.10.23"]
[SourceQuality "1"]

1. e4 c5 2. Nf3 e6 3. d4 cxd4 4. Nxd4 Nf6 5. Nc3 d6 6. Be2 a6 7. 0-0 Nbd7 8. f4 b5 9. Bf3 Bb7 10. Qe2 b4 11. Nd1 e5 12. Nf5 h5 13. Nf2 g6 14. Ne3 Rc8 15. Nc4 Qc7 16. b3 exf4 17. Bxf4 Ne5 18. Bxe5 dxe5 19. Nd3 Nd7 20. Kh1 Bc5 21. Rad1 Rd8 22. Nxc5 Nxc5 23. Rxd8+ Kxd8 24. Qd2+ Kc8 25. Qxb4 Rd8 26. Nb6+ Kb8 27. Nd5 Qd6 28. Rd1 Ne6 29. Qxd6+ Rxd6 30. Kg1 Nd4 31. c3 Nxf3+ 32. gxf3 f5 33. c4 a5 34. Kf2 Ka7 35. a3 Rc6 36. Nc3 Ba6 37. Rd5 Rb6 38. Nb5+ Bxb5 39. cxb5 fxe4 40. fxe4 Rf6+ 41. Ke3 Re6 42. a4 Kb6 43. h4 Re8 44. Kd3 Re7 45. b4 1-0

[Event "ESP-ch 48th"]
[Site "Las Palmas"]
[Date "1983.07.18"]
[Round "7"]
[White "Fraguela Gil, Jose Miguel"]
[Black "Garcia Fernandez, Carlos"]
[Result "1-0"]
[WhiteElo "2295"]
[BlackElo "2317"]
[PlyCount "81"]
[EventDate "1983.07.12"]
[EventType "tourn"]
[EventRounds "15"]
[EventCountry "ESP"]
[EventCategory "2"]
[SourceTitle "EXT 2021"]
[Source "ChessBase"]
[SourceDate "2020.10.23"]
[SourceVersion "1"]
[SourceVersionDate "2020.10.23"]
[SourceQuality "1"]

1. d4 Nf6 2. c4 a6 3. Nc3 c5 4. Nf3 cxd4 5. Nxd4 b6 6. e4 Bb7 7. f3 d6 8. Be2 Nbd7 9. 0-0 g6 10. Bg5 Bg7 11. Qd2 Rc8 12. Rac1 h6 13. Be3 Kf8 14. Rfd1 Kg8 15. Bf1 Kh7 16. Nd5 Re8 17. b4 Bf8 18. Nb3 Nxd5 19. exd5 Nf6 20. Qf2 b5 21. cxb5 Rxc1 22. Rxc1 Qa8 23. bxa6 Bxa6 24. Bxa6 Qxa6 25. Qd2 Qb5 26. Nd4 Qa4 27. Nc6 Ra8 28. Na5 Rb8 29. Nc6 Ra8 30. Na5 Rb8 31. Rc4 Qb5 32. Rd4 Qa4 33. h3 Ne8 34. Bxh6 Ng7 35. Rh4 Kg8 36. Re4 Nf5 37. Bxf8 Kxf8 38. Nc6 Rb7 39. g4 Ng7 40. Qh6 Qd1+ 41. Kf2 1-0

[Event "ESP-ch 48th"]
[Site "Las Palmas"]
[Date "1983.07.16"]
[Round "5"]
[White "Bellon Lopez, Juan Manuel"]
[Black "Fraguela Gil, Jose Miguel"]
[Result "0-1"]
[WhiteElo "2425"]
[BlackElo "2295"]
[PlyCount "82"]
[EventDate "1983.07.12"]
[EventType "tourn"]
[EventRounds "15"]
[EventCountry "ESP"]
[EventCategory "2"]
[SourceTitle "EXT 2021"]
[Source "ChessBase"]
[SourceDate "2020.10.23"]
[SourceVersion "1"]
[SourceVersionDate "2020.10.23"]
[SourceQuality "1"]

1. d4 Nf6 2. Nf3 e6 3. Bg5 h6 4. Bxf6 Qxf6 5. e4 Qd8 6. Bd3 d5 7. e5 c5 8. dxc5 Bxc5 9. 0-0 Qb6 10. Nc3 Bd7 11. Rb1 0-0 12. b4 Bxb4 13. Ne2 Qc5 14. c3 Ba5 15. Rxb7 Bb6 16. Bb1 Bc8 17. Qd3 g6 18. Nh4 Bxb7 19. Nxg6 f5 20. exf6 Rxf6 21. Qg3 Qxf2+ 22. Rxf2 Bxf2+ 23. Qxf2 Rxf2 24. Kxf2 Nd7 25. Ke3 Kf7 26. a4 Rg8 27. a5 Kf6 28. Nef4 Rc8 29. Kd2 Nc5 30. Bc2 e5 31. Nh3 Rc7 32. Nf2 Bc8 33. g4 Ba6 34. g5+ Kxg5 35. Nxe5 Ne4+ 36. Nxe4+ dxe4 37. Bd1 Re7 38. Nc6 e3+ 39. Ke1 Rc7 40. Bf3 Bb5 41. Ne5 Rxc3 0-1

[Event "ESP-ch 48th"]
[Site "Las Palmas"]
[Date "1983.07.12"]
[Round "1"]
[White "Martin Gonzalez, Angel"]
[Black "Fraguela Gil, Jose Miguel"]
[Result "1-0"]
[WhiteElo "2315"]
[BlackElo "2295"]
[PlyCount "57"]
[EventDate "1983.07.12"]
[EventType "tourn"]
[EventRounds "15"]
[EventCountry "ESP"]
[EventCategory "2"]
[SourceTitle "EXT 2021"]
[Source "ChessBase"]
[SourceDate "2020.10.23"]
[SourceVersion "1"]
[SourceVersionDate "2020.10.23"]
[SourceQuality "1"]

1. e4 e5 2. Nf3 Nc6 3. Bb5 Nge7 4. 0-0 Ng6 5. c3 a6 6. Bc4 Be7 7. d4 d6 8. Be3 0-0 9. Nbd2 Kh8 10. Bd5 exd4 11. Nxd4 Nxd4 12. Bxd4 c6 13. Bb3 f5 14. Re1 f4 15. f3 Bh4 16. Re2 b5 17. Kh1 Bb7 18. Nf1 Qe7 19. Rd2 Rad8 20. a4 Qc7 21. c4 bxc4 22. Bxc4 d5 23. Bd3 c5 24. Rc1 dxe4 25. Rxc5 Qf7 26. Bc4 Qe7 27. fxe4 Bxe4 28. Qh5 Rf6 29. Qxh7+ 1-0

[Event "Costa Brava 5th"]
[Site "Malgrat del Mar"]
[Date "1977.10.16"]
[Round "7"]
[White "Fraguela Gil, Jose Miguel"]
[Black "Marovic, Drazen"]
[Result "0-1"]
[WhiteElo "2310"]
[BlackElo "2475"]
[PlyCount "32"]
[EventDate "1977.10.09"]
[EventType "tourn"]
[EventRounds "9"]
[EventCountry "ESP"]
[SourceTitle "EXT 2022"]
[Source "ChessBase"]
[SourceDate "2021.10.06"]
[SourceVersion "1"]
[SourceVersionDate "2021.10.06"]
[SourceQuality "1"]

1. Nf3 c5 2. c4 Nf6 3. Nc3 d5 4. cxd5 Nxd5 5. g3 Nc6 6. Bg2 g6 7. d3 Bg7 8. Bd2 0-0 9. Qc1 b6 10. h4 h5 11. Ng5 f6 12. Nh3 Bb7 13. Bh6 Nd4 14. Bxg7 Kxg7 15. e3 Nc2+ 16. Qxc2 Nb4 0-1

[Event "Costa Brava 5th"]
[Site "Malgrat del Mar"]
[Date "1977.10.11"]
[Round "3"]
[White "Romanishin, Oleg M"]
[Black "Fraguela Gil, Jose Miguel"]
[Result "1-0"]
[WhiteElo "2595"]
[BlackElo "2310"]
[PlyCount "65"]
[EventDate "1977.10.09"]
[EventType "tourn"]
[EventRounds "9"]
[EventCountry "ESP"]
[SourceTitle "EXT 2022"]
[Source "ChessBase"]
[SourceDate "2021.10.06"]
[SourceVersion "1"]
[SourceVersionDate "2021.10.06"]
[SourceQuality "1"]

1. Nf3 g6 2. c4 Bg7 3. d4 c5 4. e4 d6 5. Nc3 Nf6 6. Be2 Na6 7. d5 0-0 8. 0-0 e6 9. dxe6 Bxe6 10. Bf4 Qb6 11. Qd2 Rad8 12. Rad1 Nb4 13. b3 Nc6 14. Nd5 Bxd5 15. exd5 Ne4 16. Qc2 Nb4 17. Qxe4 Rfe8 18. Qb1 Rxe2 19. Rd2 Rde8 20. Rxe2 Rxe2 21. a3 Na6 22. Qd3 Re8 23. Ng5 Qd8 24. Ne4 Be5 25. Bxe5 Rxe5 26. f4 Re8 27. f5 Re5 28. fxg6 hxg6 29. Nf6+ Kf8 30. Qh3 Ke7 31. Qh4 g5 32. Qh7 Kf8 33. Ng4 1-0

[Event "Montilla"]
[Site "Montilla"]
[Date "1976.08.24"]
[Round "8"]
[White "Kavalek, Lubomir"]
[Black "Fraguela Gil, Jose Miguel"]
[Result "1-0"]
[WhiteElo "2540"]
[BlackElo "2380"]
[PlyCount "113"]
[EventDate "1976.08.16"]
[EventType "tourn"]
[EventRounds "9"]
[EventCountry "ESP"]
[EventCategory "10"]
[SourceTitle "MCD"]
[Source "ChessBase"]
[SourceDate "1999.07.01"]
[SourceVersion "1"]
[SourceVersionDate "1999.07.01"]
[SourceQuality "1"]

1. c4 c5 2. Nf3 Nf6 3. Nc3 e6 4. e3 Be7 5. d4 0-0 6. d5 exd5 7. cxd5 d6 8. e4 Re8 9. Be2 Na6 10. 0-0 Nc7 11. a4 Bf8 12. Nd2 Bd7 13. f3 a6 14. a5 Bb5 15. Nc4 Bxc4 16. Bxc4 Nd7 17. Kh1 Ne5 18. Be2 Be7 19. Bd2 Bf6 20. Rb1 Nd7 21. b4 Be5 22. g3 Qe7 23. Na4 c4 24. Bxc4 Rac8 25. Bd3 Nb5 26. Rc1 Bd4 27. Bf4 Bf6 28. Be3 Ne5 29. Qe2 Nxd3 30. Qxd3 Qe5 31. Qd2 h5 32. Kg2 g5 33. Qd3 g4 34. fxg4 Rxc1 35. Bxc1 Bg7 36. gxh5 Qxe4+ 37. Qxe4 Rxe4 38. Rf4 Re2+ 39. Rf2 Re1 40. Bb2 Bxb2 41. Rxb2 Re5 42. Nb6 Rxh5 43. Rc2 Re5 44. Nd7 Re3 45. Rc4 Kg7 46. Rg4+ Kh6 47. Rg8 f5 48. Nf8 Re5 49. h4 Rxd5 50. Rg6+ Kh5 51. Rg7 Rd1 52. Rxb7 Rb1 53. Rh7+ Kg4 54. Rg7+ Kh5 55. Rg5+ Kh6 56. Rxf5 Rxb4 57. Rf7 1-0

[Event "Montilla"]
[Site "Montilla"]
[Date "1976.08.22"]
[Round "6"]
[White "Byrne, Robert Eugene"]
[Black "Fraguela Gil, Jose Miguel"]
[Result "1/2-1/2"]
[WhiteElo "2540"]
[BlackElo "2380"]
[PlyCount "108"]
[EventDate "1976.08.16"]
[EventType "tourn"]
[EventRounds "9"]
[EventCountry "ESP"]
[EventCategory "10"]
[SourceTitle "MCD"]
[Source "ChessBase"]
[SourceDate "1999.07.01"]
[SourceVersion "1"]
[SourceVersionDate "1999.07.01"]
[SourceQuality "1"]

1. c4 c5 2. Nf3 Nf6 3. Nc3 e6 4. g3 b6 5. Bg2 Bb7 6. 0-0 Be7 7. d4 cxd4 8. Qxd4 d6 9. b3 a6 10. Bb2 0-0 11. h3 Qc7 12. e4 Nbd7 13. Rae1 Qc5 14. a3 Qxd4 15. Nxd4 Rfc8 16. Re3 Rc7 17. Rd1 Rac8 18. f4 Nc5 19. b4 Ncd7 20. Bf1 Nf8 21. Be2 N6d7 22. Kf2 Nf6 23. Nf3 N6d7 24. e5 dxe5 25. fxe5 Ng6 26. Ne4 Ba8 27. h4 h6 28. h5 Ngf8 29. Nd6 Rb8 30. Nd2 Nh7 31. N2e4 Ng5 32. Nxg5 Bxg5 33. Red3 Nf8 34. Bd4 Nd7 35. Bg4 Bc6 36. Ke2 Nf8 37. Rc3 Ba8 38. Rf1 Bd8 39. Bf3 Rd7 40. c5 bxc5 41. Bxc5 Nh7 42. Bxa8 Rxa8 43. Be3 f6 44. Rc6 fxe5 45. Nc4 Nf6 46. Nxe5 Rd5 47. Rxe6 Bc7 48. Rf5 a5 49. Bf4 axb4 50. axb4 Rb8 51. Kf3 Rxb4 52. Rfxf6 gxf6 53. Re8+ Kg7 54. Re7+ Kg8 1/2-1/2

[Event "Capablanca Memorial-13 Group C"]
[Site "Cienfuegos"]
[Date "1976.05.20"]
[Round "4"]
[White "Garces, Napoleon"]
[Black "Fraguela Gil, Jose Miguel"]
[Result "1/2-1/2"]
[WhiteElo "2260"]
[BlackElo "2380"]
[PlyCount "40"]
[EventDate "1976.05.17"]
[EventType "tourn"]
[EventRounds "17"]
[EventCountry "CUB"]
[EventCategory "4"]
[SourceTitle "EXT 2000"]
[Source "ChessBase"]
[SourceDate "1999.11.16"]
[SourceVersion "1"]
[SourceVersionDate "1999.11.16"]
[SourceQuality "1"]

1. e4 g6 2. d4 Bg7 3. c4 c5 4. d5 d6 5. Nc3 Nf6 6. Be2 0-0 7. g4 e6 8. g5 Ne8 9. h4 exd5 10. exd5 a6 11. a4 b6 12. a5 Ra7 13. Qd3 Re7 14. Kf1 Nd7 15. Nh3 Bd4 16. Nf4 Ne5 17. Qg3 Bf5 18. Nd1 Be4 19. Rh3 Nc7 20. Ra4 b5 1/2-1/2

[Event "Las Palmas-05"]
[Site "Las Palmas"]
[Date "1976.??.??"]
[Round "9"]
[White "Byrne, Robert Eugene"]
[Black "Fraguela Gil, Jose Miguel"]
[Result "1-0"]
[WhiteElo "2540"]
[BlackElo "2380"]
[PlyCount "89"]
[EventDate "1976.04.??"]
[EventType "tourn"]
[EventRounds "15"]
[EventCountry "ESP"]
[SourceTitle "EXT 1998"]
[Source "ChessBase"]
[SourceDate "1997.11.17"]
[SourceVersion "1"]
[SourceVersionDate "1997.11.17"]
[SourceQuality "1"]

1. e4 c5 2. Nf3 d6 3. d4 cxd4 4. Nxd4 Nf6 5. Nc3 a6 6. Be2 e6 7. f4 Qc7 8. 0-0 Nc6 9. Be3 Be7 10. Qe1 0-0 11. Qg3 Bd7 12. Rae1 Nxd4 13. Bxd4 Bc6 14. Bd3 Rad8 15. Kh1 Qa5 16. e5 dxe5 17. Bxe5 Nh5 18. Qg4 g6 19. Re3 Ng7 20. Rh3 h5 21. Qg3 Rxd3 22. cxd3 Nf5 23. Qf2 Bc5 24. d4 Be7 25. a3 Bd5 26. Nxd5 Qxd5 27. Rc3 f6 28. Bc7 Qxd4 29. Qxd4 Nxd4 30. Bb6 Nc6 31. Rd3 Rb8 32. Re3 Kf7 33. Rfe1 Bd6 34. g3 e5 35. Rd3 Ke6 36. Red1 Be7 37. fxe5 Nxe5 38. Rc3 h4 39. gxh4 Rh8 40. Bf2 Bd6 41. Bg3 Bb8 42. Kg2 Bd6 43. Rdc1 Kd7 44. a4 Re8 45. Rb3 1-0

[Event "Lanzarote 4th"]
[Site "Lanzarote"]
[Date "1976.??.??"]
[Round "5"]
[White "Fraguela Gil, Jose Miguel"]
[Black "Darga, Klaus"]
[Result "0-1"]
[WhiteElo "2380"]
[BlackElo "2500"]
[PlyCount "72"]
[EventDate "1976.04.26"]
[EventType "tourn"]
[EventRounds "11"]
[EventCountry "ESP"]
[EventCategory "7"]
[SourceTitle "MCD"]
[Source "ChessBase"]
[SourceDate "1999.07.01"]
[SourceVersion "1"]
[SourceVersionDate "1999.07.01"]
[SourceQuality "1"]

1. d4 Nf6 2. Nf3 b6 3. g3 Bb7 4. Bg2 c5 5. c3 e6 6. 0-0 Be7 7. b3 0-0 8. Bb2 d5 9. Ne5 Nc6 10. Nxc6 Bxc6 11. Nd2 Qc7 12. Rc1 Rfd8 13. Qe1 Qb7 14. Nf3 Rac8 15. Ne5 Qa6 16. a3 Be8 17. Qd2 Qb5 18. b4 Qa4 19. f3 a5 20. Nd3 Bb5 21. dxc5 bxc5 22. Ra1 Nd7 23. Rfb1 Nb6 24. Nxc5 Rxc5 25. bxc5 Bxc5+ 26. Kh1 Nc4 27. Qg5 f6 28. Qg4 Bd7 29. Bf1 e5 30. Qh4 Rb8 31. Bc1 Rxb1 32. Rxb1 Qd1 33. Kg2 Qe1 34. e3 Bxe3 35. Rb8+ Kf7 36. Qh5+ Ke7 0-1

[Event "Lanzarote 4th"]
[Site "Lanzarote"]
[Date "1976.??.??"]
[Round "9"]
[White "Fraguela Gil, Jose Miguel"]
[Black "Hernandez Onna, Roman"]
[Result "1/2-1/2"]
[WhiteElo "2380"]
[BlackElo "2460"]
[PlyCount "43"]
[EventDate "1976.04.26"]
[EventType "tourn"]
[EventRounds "11"]
[EventCountry "ESP"]
[EventCategory "7"]
[SourceTitle "MCD"]
[Source "ChessBase"]
[SourceDate "1999.07.01"]
[SourceVersion "1"]
[SourceVersionDate "1999.07.01"]
[SourceQuality "1"]

1. d4 d5 2. c4 c6 3. Nf3 Nf6 4. cxd5 cxd5 5. Nc3 Nc6 6. Bf4 e6 7. e3 Bd6 8. Bxd6 Qxd6 9. Bd3 0-0 10. 0-0 Bd7 11. Qd2 Rac8 12. Rac1 a6 13. Rfd1 Rfd8 14. Bb1 Ne7 15. Ne5 Be8 16. Bd3 Rc7 17. Ne2 Rdc8 18. Rxc7 Rxc7 19. Rc1 Nd7 20. Rxc7 Qxc7 21. Nxd7 Bxd7 22. Qc2 1/2-1/2

[Event "Las Palmas-05"]
[Site "Las Palmas"]
[Date "1976.??.??"]
[Round "6"]
[White "Fraguela Gil, Jose Miguel"]
[Black "Hernandez Onna, Roman"]
[Result "1/2-1/2"]
[WhiteElo "2380"]
[BlackElo "2460"]
[PlyCount "25"]
[EventDate "1976.04.??"]
[EventType "tourn"]
[EventRounds "15"]
[EventCountry "ESP"]
[SourceTitle "EXT 1998"]
[Source "ChessBase"]
[SourceDate "1997.11.17"]
[SourceVersion "1"]
[SourceVersionDate "1997.11.17"]
[SourceQuality "1"]

1. d4 d5 2. c4 e6 3. Nc3 c5 4. cxd5 exd5 5. Nf3 Nc6 6. g3 Nf6 7. Bg2 Be7 8. 0-0 0-0 9. Be3 Ng4 10. Bf4 Be6 11. Rc1 h6 12. dxc5 Bxc5 13. Na4 1/2-1/2

[Event "Costa del Sol-16"]
[Site "Torremolinos"]
[Date "1976.??.??"]
[Round "?"]
[White "Fraguela Gil, Jose Miguel"]
[Black "Hernando Pertierra, Jose Carlos"]
[Result "1-0"]
[WhiteElo "2380"]
[BlackElo "2315"]
[PlyCount "53"]
[EventDate "1976.02.06"]
[EventType "tourn"]
[EventRounds "13"]
[EventCountry "ESP"]
[SourceTitle "EXT 2021"]
[Source "ChessBase"]
[SourceDate "2020.10.23"]
[SourceVersion "1"]
[SourceVersionDate "2020.10.23"]
[SourceQuality "1"]

1. d4 Nf6 2. c4 c5 3. d5 b5 4. cxb5 a6 5. Nc3 axb5 6. e4 b4 7. Nb5 d6 8. Bf4 Nxe4 9. Qe2 g5 10. Bc1 Bf5 11. g4 Bg6 12. f3 Nf6 13. h4 gxh4 14. f4 Be4 15. Rxh4 Bxd5 16. g5 Ne4 17. f5 Ra5 18. Rxe4 Qb6 19. a4 Bxe4 20. Qxe4 Qc6 21. Qe2 Qh1 22. Nxd6+ Kd7 23. Nxf7 Qxg1 24. Qe6+ Kc7 25. Bf4+ Kb7 26. Nd8+ Ka7 27. Qc8 1-0

[Event "Lanzarote 4th"]
[Site "Lanzarote"]
[Date "1976.??.??"]
[Round "1"]
[White "Haik, Aldo"]
[Black "Fraguela Gil, Jose Miguel"]
[Result "1-0"]
[WhiteElo "2325"]
[BlackElo "2380"]
[PlyCount "37"]
[EventDate "1976.04.26"]
[EventType "tourn"]
[EventRounds "11"]
[EventCountry "ESP"]
[EventCategory "7"]
[SourceTitle "MCD"]
[Source "ChessBase"]
[SourceDate "1999.07.01"]
[SourceVersion "1"]
[SourceVersionDate "1999.07.01"]
[SourceQuality "1"]

1. d4 Nf6 2. c4 c5 3. d5 b5 4. cxb5 a6 5. Nc3 axb5 6. e4 b4 7. Nb5 d6 8. Bc4 Nxe4 9. Qe2 Nf6 10. Bf4 Ra6 11. Nxd6+ Rxd6 12. Bb5+ Rd7 13. Bxb8 Nxd5 14. 0-0-0 Bb7 15. Nf3 Qxb8 16. Ne5 Qa8 17. Bxd7+ Kd8 18. Qb5 e6 19. Bxe6 1-0